Χρονικό ελισσαβίτη : ενος Σαμιώτη τεχνίτη

Αποθηκεύτηκε σε:
Λεπτομέρειες βιβλιογραφικής εγγραφής
Κύριος συγγραφέας: Πετρονώτης, Αργύρης, 1924-
Άλλοι συγγραφείς: Βουρλιώτης, Μανόλης Α. (Επιμελητής έκδοσης)
Μορφή: Βιβλίο
Γλώσσα:Greek
Δημοσίευση: Αθήνα : Υπερόριος, 2003.
Σειρά:Βιογραφίες (Υπερόριος) 1
Θέματα:
Ετικέτες: Προσθήκη ετικέτας
Δεν υπάρχουν, Καταχωρήστε ετικέτα πρώτοι!

MARC

LEADER 00000cam a2200000 i 4500
001 1/70831
008 050210s2003 gr | ||| |||| ||gre||
020 |a 9608737834 
035 |l 10076348 
040 |a GR-MyUA  |b gre  |e AACR2 
041 0 |a gre 
082 0 |a 938.764  |2 (21) 
100 1 |a Πετρονώτης, Αργύρης,   |d 1924- 
245 1 0 |a Χρονικό ελισσαβίτη :   |b ενος Σαμιώτη τεχνίτη /   |c Αργύρης Πετρονώτης ; εισαγωγή-επιμέλεια Μανόλης Α. Βουρλιώτης.  
260 |a Αθήνα :   |b Υπερόριος,   |c 2003.  
300 |a 159 σ. :   |b εικ. ;   |c 24 εκ.  
490 1 |a (Βιογραφίες / Υπερόριος ;   |v 1) 
650 0 0 |a World War, 1939-1945  |x Underground movements  |z Greece  |z Samos (Municipality) 
651 0 |a Greece  |x History  |y Occupation, 1941-1944. 
651 0 |a Samos (Greece : Municipality)  |x History. 
700 1 |a Βουρλιώτης, Μανόλης Α.  |e edt 
830 0 |a Βιογραφίες (Υπερόριος)  |v 1 
852 |a INST  |b SAMOS  |e 20050210  |h 938.764 ΠΕΤ  |p 005300025438  |q 005300025438  |t BK  |y 0 
901 |a BIBL3-2005-1 
909 |a Σ  |b 114257 
922 |a 3ΕΛΗ  |b 200411  |c ΚΥΒ/ΒΙΒΛΙΟΘΗΚΗ  |d ΠΑΠΑΓΕΩΡΓΙΟΥ 
950 |a 127-2004-11-04 
970 |a ΚΟΣΙΕΡΗΣ  |b ΧΡΗΣΤΟΣ  |z 2005/02/10